LEADER 01194nam a2200289 i 4500 001 000000225077 003 CaOOAMICUS 005 20131119000000.0 008 131119s1996 it u000 u ita u 013 $a203975 020 $a88-396-0650-6 040 $aSeMil$bita 245 10$aTempi nuovi per la pastorale /$cCentro Orientamento Pastorale. 260 $aRoma :$bDehoniane,$c1996. 300 $a256 p. ;$c21 cm. 490 0 $aParrocchia oggi 500 $a45. settimana nazionale di aggiornamento pastorale. 650 4$aPastorale - Chiesa cattolica.$0(OLS)http://semarc/subject/10919 650 4$aPastorale - Atti di congressi.$0(OLS)http://semarc/subject/26775 710 2 $aCentro di Orientamento Pastorale$g.$0(OLS)http://semarc/name/2102 830 0$aParrocchia oggi.$0(OLS)http://semarc/title/13818 850 $aSeMil 852 $aSeMil$W1$xVenegono$y1$m2F III 634$j175423$B175423$CSeMilBibl$Z2$F186266 $81 961 $aOmaggio: Bressan don Luca 996 $6020$a88-396-0650-6$9(OLS)http://semarc/number/225856 996 $6245$aTempi nuovi per la pastorale$9(OLS)http://semarc/title/322450 996 $6260$aRoma :$bDehoniane$9(OLS)http://semarc/publisher/29918 LEADER 01021nam a2200229 i 4500 001 000000068714 003 CaOOAMICUS 005 20100805000000.0 008 100805s1909 it u000 u ita u 013 $a39886 040 $aSeMil$bita 100 1 $aZuccante, Giuseppe.$0(OLS)http://semarc/name/34314 245 10$aSocrate :$bfonti, ambiente, vita, dottrina /$cGiuseppe Zuccante. 260 $aMilano ; Torino ; Roma :$bFratelli Bocca,$c1909$e(Luogo di manifattura non identificato :$fVincenzo Bona,$g1909) 300 $a412 p. ;$c25 cm. 490 0 $aBiblioteca di scienze moderne ;$v39 600 04$aSocrate.$0(OLS)http://semarc/subject/3680 830 0$aBiblioteca di scienze moderne ;$v39.$0(OLS)http://semarc/title/18414 850 $aSeMil 852 $aSeMil$W1$xVenegono$y1$m2O IV 7$j34867$B34867$CSeMilBibl$Z2$F34870 $81 996 $6245$aSocrate :$bfonti, ambiente, vita, dottrina$9(OLS)http://semarc/title/109832 996 $6260$aMilano ; Torino ; Roma :$bFratelli Bocca$9(OLS)http://semarc/publisher/37794